|
|
|
|
| LEADER |
01361cam a2200325 i 4500 |
| 001 |
17972732 |
| 003 |
BD-DhAAL |
| 005 |
20220105141147.0 |
| 008 |
131216r20152013ii a b 001 0 eng |
| 999 |
|
|
|c 33916
|d 33916
|
| 010 |
|
|
|a 2013444254
|
| 020 |
|
|
|a 9789350259375 (hardback)
|
| 040 |
|
|
|a DLC
|b eng
|e rda
|c DLC
|d DLC
|d BD-DhAAL
|
| 042 |
|
|
|a pcc
|
| 050 |
0 |
0 |
|a RM300
|b .T73 2013
|
| 082 |
0 |
0 |
|a 615.1
|2 2 3
|
| 100 |
1 |
|
|a Tripathi, K. D.,
|e author.
|9 21774
|
| 245 |
1 |
0 |
|a Essentials of medical pharmacology /
|c K.D. Tripathi
|
| 250 |
|
|
|a Seventh edition.
|
| 260 |
|
|
|a New Delhi :
|b Jaypee Brothers Medical Publishers (P), Ltd.,
|c 2013 (reprinted 2015)
|
| 300 |
|
|
|a xvi, 1002 pages :
|b color illustrations ;
|c 25 cm.
|
| 504 |
|
|
|a Includes bibliographical references (pages 971-973) and index.
|
| 526 |
|
|
|a PHR
|
| 541 |
|
|
|e 28935
|
| 650 |
|
0 |
|a Pharmacology.
|9 21775
|
| 650 |
|
0 |
|a Pharmaceutical technology.
|9 21776
|
| 650 |
|
0 |
|a Pharmacy.
|9 43715
|
| 852 |
|
|
|a Ayesha Abed Library
|c General stacks
|
| 942 |
|
|
|2 ddc
|c BK
|
| 952 |
|
|
|0 0
|1 0
|2 ddc
|4 0
|6 615_100000000000000_TRI
|7 0
|9 52938
|a BRACUL
|b BRACUL
|c GEN
|d 2015-03-07
|e Paragon books
|g 1028.00
|l 6
|m 47
|o 615.1 TRI
|p 3010028935
|r 2018-12-05
|s 2018-07-19
|t 1
|w 2015-03-07
|y BK
|x This item is replaced copy fifth edition of this title. MONJUR MORSHED RONY (13346012) borrowed and lost the book and he has given back the seventh edition.
|